Comparing the incomparable /

Bibliographic Details
Main Author: Detienne, Marcel
Other Authors: Lloyd, Janet
Format: Book
Language:English
Published: Stanford, Calif. : Stanford University Press, 2008.
Series:Cultural memory in the present.
Subjects:

MARC

Tag First Indicator Second Indicator Subfields
LEADER 00000cam a22000004a 4500
001 in00002425861
005 20151109135622.0
008 071217s2008 cau b 000 0 eng c
010 |a  2007051704 
015 |a GBA8A6241  |2 bnb 
016 7 |a 014708907  |2 Uk 
020 |a 9780804757492 (cloth : alk. paper) 
020 |a 0804757496 (cloth : alk. paper) 
020 |a 9780804757508 (pbk. : alk. paper) 
020 |a 080475750X (pbk. : alk. paper) 
035 |a (OCoLC)ocn187300199 
035 |a (OCoLC)187300199 
040 |a CSt/DLC  |c DLC  |d BTCTA  |d BAKER  |d YDXCP  |d UKM  |d C#P  |d BWX  |d CDX  |d UtOrBLW 
041 1 |a eng  |h fre 
042 |a pcc 
049 |a TXAM 
050 0 0 |a GN345.2  |b .D4813 2008 
082 0 0 |a 909/.04  |2 22 
100 1 |a Detienne, Marcel. 
240 1 0 |a Comparer l'incomparable.  |l English 
245 1 0 |a Comparing the incomparable /  |c Marcel Detienne ; translated by Janet Lloyd. 
264 1 |a Stanford, Calif. :  |b Stanford University Press,  |c 2008. 
300 |a xv, 108 pages ;  |c 23 cm. 
336 |a text  |b txt  |2 rdacontent 
337 |a unmediated  |b n  |2 rdamedia 
338 |a volume  |b nc  |2 rdacarrier 
490 1 |a Cultural memory in the present 
504 |a Includes bibliographical references (pages [101]-108). 
500 |a "Comparing the Incomparable was originally published in French in 2000 under the title Comparer l'incomparable 2000, Éditions du Seuil"--Title page verso. 
504 |a Includes bibliographical references and index. 
505 0 |a Should an anthropologist happen to meet a historian -- Constructing comparables -- Setting a variety of regimes of historicity in perspective -- Experimenting in the field of polytheisms -- From assembly practices to forms of politics : a comparative approach. 
500 |a Translated from the French. 
650 0 |a Ethnohistory  |x Comparative method. 
650 0 |a Ethnology  |x Comparative method. 
650 0 |a History  |x Comparative method. 
650 0 |a Social sciences and history. 
700 1 |a Lloyd, Janet. 
830 0 |a Cultural memory in the present. 
938 |a Baker and Taylor  |b BTCP  |n BK0007764531 
938 |a Baker & Taylor  |b BKTY  |c 21.95  |d 21.95  |i 080475750X  |n 0007764184  |s active 
938 |a Baker & Taylor  |b BKTY  |c 55.00  |d 55.00  |i 0804757496  |n 0007764531  |s active 
938 |a YBP Library Services  |b YANK  |n 2819847 
938 |a Blackwell Book Service  |b BBUS  |n R8735070  |c $21.95 
938 |a Coutts Information Services  |b COUT  |n 6501617  |c 14.95 GBP 
945 |a PromptCat  |b 526754 
946 |a stk 
947 |a A14836646027 
994 |a 92  |b TXA 
948 |a cataloged  |b h  |d 2008/10/16  |h c  |e asalazar  |f 1:03:29 pm 
999 |a MARS 
999 f f |s 4ff5a62a-698c-350e-8d74-64acb8163eb4  |i 8478a963-d832-3cb1-b04e-f732aa5860c6  |t 0 
952 f f |p normal  |a Texas A&M University  |b College Station  |c Sterling C. Evans Library  |s Evans stk  |d Evans: Library Stacks  |t 0  |e GN345.2 .D4813 2008  |h Library of Congress classification  |i unmediated -- volume  |m A14836646027 
998 f f |a GN345.2 .D4813 2008  |t 0  |l Evans: Library Stacks